Romance o Závišovi / Jiří Mařánek
Record details
- Physical Description: 295 stran ; 19 cm
- Edition: Vydání třetí
- Publisher: V Praze : Družstevní práce, 1947
Content descriptions
| General Note: | Úprava a vazba: Ladislav Sutnar Obálka: Jaroslav Šváb |
Search for related items by subject
| Subject: | Záviš z Falkenštejna, asi 1250-1290 šlechtici > Česko > 13. století Česko > dějiny > 13. století Czechia > history > 13th century |
| Genre: | české romány biografické romány historické romány Czech fiction biographical novels historical novels |
Search for related items by series
Available copies
- 1 of 1 copy available at Common Catalog SPOK.
Holds
- 0 current holds with 1 total copy.
Other Formats and Editions
Show Only Available Copies
| Location | Call Number / Copy Notes | Barcode | Shelving Location | Status | Due Date |
|---|---|---|---|---|---|
| Hospic Dobrého Pastýře | BE-M
Tematická katagorie: Beletrie (BE) |
204595701630 | Knihovna | Available | - |
| LDR | 02290cam a2200661 i 4500 | ||
|---|---|---|---|
| 001 | 29751 | ||
| 003 | CZ-PrJAB | ||
| 005 | 20220817081429.0 | ||
| 007 | ta | ||
| 008 | 980817s1947 xr g 000 fbcze | ||
| 015 | . | ‡acnb000668481 | |
| 035 | . | ‡a(CZ PrSKC)vkol001152148 | |
| 035 | . | ‡a(OCoLC)7140298 | |
| 040 | . | ‡aABA001 ‡bcze ‡dOLA001 ‡dABA001 ‡erda | |
| 043 | . | ‡ae-xr--- | |
| 045 | . | ‡aq-q- | |
| 072 | 7. | ‡a821.162.3-3 ‡xČeská próza ‡2Konspekt ‡925 | |
| 072 | 7. | ‡a929 ‡xBiografie ‡2Konspekt ‡98 | |
| 080 | . | ‡a929 ‡2MRF | |
| 080 | . | ‡a929.7 ‡2MRF | |
| 080 | . | ‡a821.162.3-31 ‡2MRF | |
| 080 | . | ‡a94(437.3) ‡2MRF | |
| 080 | . | ‡a(0:82-312.6) ‡2MRF | |
| 080 | . | ‡a(0:82-311.6) ‡2MRF | |
| 100 | 1 | . | ‡aMařánek, Jiří, ‡d1891-1959 ‡7jk01080431 ‡4aut |
| 245 | 1 | 0. | ‡aRomance o Závišovi / ‡cJiří Mařánek |
| 250 | . | ‡aVydání třetí | |
| 264 | 1. | ‡aV Praze : ‡bDružstevní práce, ‡c1947 | |
| 300 | . | ‡a295 stran ; ‡c19 cm | |
| 336 | . | ‡atext ‡btxt ‡2rdacontent | |
| 337 | . | ‡abez média ‡bn ‡2rdamedia | |
| 338 | . | ‡asvazek ‡bnc ‡2rdacarrier | |
| 490 | 1 | . | ‡aŽivé knihy. A ; ‡vsvazek 173 |
| 500 | . | ‡aÚprava a vazba: Ladislav Sutnar | |
| 500 | . | ‡aObálka: Jaroslav Šváb | |
| 600 | 0 | 7. | ‡aZáviš z Falkenštejna, ‡dasi 1250-1290 ‡7jn20000728834 ‡2czenas |
| 648 | 7. | ‡a13. století ‡7ch460551 ‡2czenas | |
| 650 | 0 | 7. | ‡ašlechtici ‡7ph127824 ‡zČesko ‡y13. století ‡2czenas |
| 651 | 7. | ‡aČesko ‡7ge128065 ‡xdějiny ‡y13. století ‡2czenas | |
| 651 | 9. | ‡aCzechia ‡xhistory ‡y13th century ‡2eczenas | |
| 655 | 7. | ‡ačeské romány ‡7fd133974 ‡2czenas | |
| 655 | 7. | ‡abiografické romány ‡7fd131905 ‡2czenas | |
| 655 | 7. | ‡ahistorické romány ‡7fd132414 ‡2czenas | |
| 655 | 9. | ‡aCzech fiction ‡2eczenas | |
| 655 | 9. | ‡abiographical novels ‡2eczenas | |
| 655 | 9. | ‡ahistorical novels ‡2eczenas | |
| 830 | 0. | ‡aŽivé knihy (Družstevní práce). ‡pA | |
| 991 | . | ‡aBNE702 | |
| 901 | . | ‡a29751 ‡b ‡c29751 ‡tbiblio | |